Classements des départements par PIB - Statistiques

Statistiques générales
  • Ce quiz a été pris 82 fois
  • Le résultat moyen est 42 sur 96
Statistiques - réponses
PIB/habitant Région Answers % Correct
127 132 Ile-de-France Paris
100%
122 840 Ile-de-France Hauts-de-Seine
85%
55 237 Auvergne-Rhône-Alpes Rhône
81%
42 891 Provence-Alpes-Côte-d'Azur Bouches-du-Rhône
80%
47 039 Ile-de-France Essonne
80%
39 671 Nouvelle-Aquitaine Gironde
76%
43 427 Ile-de-France Yvelines
76%
43 037 Occitanie Haute-Garonne
75%
40 013 Pays-de-la-Loire Loire-Atlantique
75%
41 976 Ile-de-France Seine-Saint-Denis
75%
42 043 Ile-de-France Val-de-Marne
75%
38 163 Provence-Alpes-Côte-d'Azur Alpes-Maritimes
71%
37 740 Grand-Est Bas-Rhin
71%
38 731 Bretagne Ille-et-Vilaine
69%
38 762 Bourgogne-Franche-Comté Côte-d'Or
68%
37 121 Auvergne-Rhône-Alpes Isère
68%
36 958 Grand-Est Marne
66%
34 416 Corse Corse-du-Sud
59%
34 613 Hauts-de-France Nord
59%
36 918 Auvergne-Rhône-Alpes Savoie
59%
35 060 Normandie Seine-Maritime
58%
34 561 Provence-Alpes-Côte-d'Azur Vaucluse
56%
34 389 Nouvelle-Aquitaine Charente
54%
33 124 Occitanie Hérault
54%
34 428 Centre-Val-de-Loire Indre-et-Loire
54%
35 512 Centre-Val-de-Loire Loiret
54%
34 096 Nouvelle-Aquitaine Pyrénées-Atlantiques
54%
32 252 Ile-de-France Val-d'Oise
54%
31 592 Normandie Calvados
53%
31 679 Bretagne Finistère
53%
33 636 Pays-de-la-Loire Mayenne
53%
35 902 Auvergne-Rhône-Alpes Puy-de-Dôme
53%
32 219 Pays-de-la-Loire Vendée
53%
36 594 Auvergne-Rhône-Alpes Drôme
51%
30 893 Bretagne Morbihan
51%
33 964 Nouvelle-Aquitaine Deux-Sèvres
49%
31 759 Ile-de-France Seine-et-Marne
49%
29 043 Bretagne Côtes-d'Armor
47%
31 501 Grand-Est Haut-Rhin
47%
30 463 Hauts-de-France Somme
47%
29 745 Grand-Est Aube
46%
31 583 Pays-de-la-Loire Maine-et-Loire
46%
29 811 Normandie Manche
46%
30 737 Nouvelle-Aquitaine Vienne
46%
30 718 Bourgogne-Franche-Comté Doubs
44%
29 709 Grand-Est Meurthe-et-Moselle
44%
29 042 Centre-Val-de-Loire Cher
42%
29 909 Nouvelle-Aquitaine Haute-Vienne
42%
30 682 Auvergne-Rhône-Alpes Loire
42%
29 269 Centre-Val-de-Loire Loir-et-Cher
42%
28 983 Pays-de-la-Loire Sarthe
42%
31 857 Auvergne-Rhône-Alpes Haute-Savoie
41%
29 418 Bourgogne-Franche-Comté Saône-et-Loire
41%
28 994 Bourgogne-Franche-Comté Territoire de Belfort
41%
29 254 Bourgogne-Franche-Comté Jura
39%
28 968 Provence-Alpes-Côte-d'Azur Var
39%
29 264 Nouvelle-Aquitaine Charente-Maritime
37%
24 644 Hauts-de-France Aisne
36%
28 984 Occitanie Aveyron
36%
27 072 Corse Haute-Corse
34%
28 395 Provence-Alpes-Côte-d'Azur Alpes-de-Haute-Provence
32%
23 192 Nouvelle-Aquitaine Creuse
32%
28 912 Centre-Val-de-Loire Eure-et-Loir
32%
28 286 Provence-Alpes-Côte-d'Azur Hautes-Alpes
32%
24 473 Grand-Est Meuse
32%
28 827 Hauts-de-France Oise
32%
26 893 Normandie Eure
31%
27 946 Nouvelle-Aquitaine Landes
31%
26 210 Hauts-de-France Pas-de-Calais
31%
28 140 Grand-Est Haute-Marne
29%
28 514 Auvergne-Rhône-Alpes Ain
27%
25 235 Auvergne-Rhône-Alpes Ardèche
27%
26 781 Centre-Val-de-Loire Indre
27%
27 946 Occitanie Lozère
27%
26 511 Normandie Orne
27%
27 670 Grand-Est Moselle
25%
27 627 Grand-Est Vosges
25%
27 505 Bourgogne-Franche-Comté Yonne
25%
27 292 Auvergne-Rhône-Alpes Allier
24%
23 551 Occitanie Ariège
24%
26 151 Auvergne-Rhône-Alpes Haute-Loire
24%
26 220 Bourgogne-Franche-Comté Nièvre
24%
25 834 Grand-Est Ardennes
22%
25 206 Occitanie Aude
22%
27 640 Occitanie Gard
22%
26 797 Occitanie Hautes-Pyrénées
22%
27 592 Occitanie Lot
22%
27 852 Nouvelle-Aquitaine Lot-et-Garonne
22%
25 325 Nouvelle-Aquitaine Dordogne
20%
26 234 Occitanie Pyrénées-Orientales
20%
26 510 Occitanie Tarn
20%
25 847 Occitanie Tarn-et-Garonne
19%
24 635 Occitanie Gers
17%
24 012 Grand-Est Haute-Saône
14%
28 873 Occitanie Corrèze
10%
26 313 Occitanie Cantal
8%
Aucun quiz correspondant
Distribution des résultats
% des personnes avec chaque résultat
Percentile par nombre de réponses
Votre historique - résultats
Vous n’avez pas pris ce quiz